Ekonomika Ghanskej republiky bakalárska práca

Enregistré dans:
Détails bibliographiques
Auteur principal: Červenakov, Marek
Collectivité auteur: Fakulta medzinárodných vzťahov EU. Katedra medzinárodných ekonomických vzťahov a hospodárskej diplomacie
Autres auteurs: Raneta, Leonid, 1982-
Format: Livre
Langue:slovaque
Publié: Bratislava 2022
Tags: Ajouter un tag
Pas de tags, Soyez le premier à ajouter un tag!

MARC

LEADER 00000nbm a2200000 4500
001 0285261
005 20230403102851.5
041 0 |a slo 
044 |a SK 
245 1 0 |a Ekonomika Ghanskej republiky  |b bakalárska práca  |c Marek Červenakov ; školiteľ: Leonid Raneta 
264 1 |a Bratislava  |c 2022 
300 |a 58 s. 
100 1 |a Červenakov, Marek 
700 1 |a Raneta, Leonid, 1982- 
710 2 |a Fakulta medzinárodných vzťahov EU. Katedra medzinárodných ekonomických vzťahov a hospodárskej diplomacie